000 00667nam a22002057a 4500
999 _c10475
_d10475
003 AR-CdUCM
008 190401b ||||| |||| 00| 0 spa d
040 _aMUNICIPALIDAD PROVINCIAL DEL CUSCO
_cBIBLIOTECA MUNICIPAL DEL CUSCO
082 _a869.58 /
_bAN61 / 1964
100 _aAngeles Caballero, César
_912496
245 _aJavier Heraud y las voces panegíricas /
260 _aHuari, Ancah :
_bLibreria e imprenta Huari,
_c1964.
300 _a62 paginas ;
_bIlustraciones,
_c21 cm.
505 _aContenido : Poemas
650 _aPoemas Peruanos
_91040
650 _aEnsayos
_9375
650 _aLiteratura peruana
_9169
942 _2ddc
_cLIBROS
945 _awnts